000 00785nam0a22002531 4500
001 rc\779250
005 20250622131017.0
035 _a(NLR Aleph) 006305221
090 _a7293480
_c7293480
100 _a20040301d1984 |||y0rusy50 ca
101 0 _arus
102 _aRU
105 _aa |||||||||
200 1 _aРусская литература
_eУчеб. для 8-го кл. арм. шк.
210 _aЕреван
_cЛуйс
_d1984
215 _a183 с.
_cил.
_d21
300 _aНа пер. авт. не указаны
700 1 _aАхумян
_bС.Т.
_gСемен Тигранович
701 1 _aЧитуни
_bВ.В.
_gВиктор Ваграмович
801 0 _aRU
_bNLR
_gpsbo
801 1 _aRU
_bELAR
_2rusmarc
852 _aNLR
_j84-3/10631
942 _cBOOK
980 _aNB